[Event "DEM U14w 2025"]
[Site "Willingen GER"]
[Date "2025.06.10"]
[Round "4"]
[White "Margaryan, Mane"]
[Black "Mader, Theresa"]
[Result "1-0"]
[Termination "normal"]
[Board "13"]
[WhiteElo "1519"]
[BlackElo "1592"]
[WhiteClock "00:19:29"]
[BlackClock "00:27:58"]
[PlyCount "83"]
[WhiteFideId "16268237"]
[BlackFideId "34605657"]
[EventCountry "GER"]
[EventRounds "9"]
[EventType "swiss"]
[EventDate "2025.06.07"]

1. d4 {[%clk 01:30:59]} Nf6 {[%clk 01:30:54]} {[%emt 00:00:06]} 2. c4 {[%clk
01:31:24]} {[%emt 00:00:05]} e6 {[%clk 01:31:18]} {[%emt 00:00:06]} 3. Nf3
{[%clk 01:31:32]} {[%emt 00:00:22]} Bb4+ {[%clk 01:30:53]} {[%emt 00:00:55]} 4.
Bd2 {[%clk 01:31:27]} {[%emt 00:00:36]} Be7 {[%clk 01:30:25]} {[%emt 00:00:58]}
5. Nc3 {[%clk 01:31:05]} {[%emt 00:00:51]} b6 {[%clk 01:29:08]} {[%emt
00:01:48]} 6. e4 {[%clk 01:29:18]} {[%emt 00:02:16]} Bb7 {[%clk 01:27:51]}
{[%emt 00:01:47]} 7. Bd3 {[%clk 01:26:14]} {[%emt 00:03:35]} d6 {[%clk
01:18:35]} {[%emt 00:09:46]} 8. O-O {[%clk 01:19:22]} {[%emt 00:07:21]} O-O
{[%clk 01:15:21]} {[%emt 00:03:44]} 9. Qc2 {[%clk 01:14:38]} {[%emt 00:05:15]}
g6 {[%clk 01:04:16]} {[%emt 00:11:35]} 10. Rab1 {[%clk 01:09:53]} {[%emt
00:05:14]} Nfd7 {[%clk 00:59:45]} {[%emt 00:05:01]} 11. b4 {[%clk 01:04:01]}
{[%emt 00:06:22]} e5 {[%clk 00:58:50]} {[%emt 00:01:26]} 12. d5 {[%clk
01:01:57]} {[%emt 00:02:33]} Ba6 {[%clk 00:53:35]} {[%emt 00:05:45]} 13. Rfe1
{[%clk 00:54:15]} {[%emt 00:08:12]} Bf6 {[%clk 00:48:11]} {[%emt 00:05:53]} 14.
h3 {[%clk 00:44:45]} {[%emt 00:10:01]} Bc8 {[%clk 00:43:35]} {[%emt 00:05:07]}
15. Qc1 {[%clk 00:37:47]} {[%emt 00:07:27]} Re8 {[%clk 00:41:41]} {[%emt
00:02:24]} 16. Bg5 {[%clk 00:35:12]} {[%emt 00:03:05]} Qe7 {[%clk 00:38:42]}
{[%emt 00:03:29]} 17. Bxf6 {[%clk 00:33:05]} {[%emt 00:02:36]} Nxf6 {[%clk
00:38:43]} {[%emt 00:00:30]} 18. g4 {[%clk 00:24:30]} {[%emt 00:09:06]} Nbd7
{[%clk 00:35:14]} {[%emt 00:03:59]} 19. Qh6 {[%clk 00:17:32]} {[%emt 00:07:27]}
a6 {[%clk 00:32:13]} {[%emt 00:03:32]} 20. Kh1 {[%clk 00:14:34]} {[%emt
00:03:26]} Qf8 {[%clk 00:27:52]} {[%emt 00:04:52]} 21. Qxf8+ {[%clk 00:12:14]}
{[%emt 00:02:49]} Kxf8 {[%clk 00:28:11]} {[%emt 00:00:12]} 22. Nd2 {[%clk
00:08:12]} {[%emt 00:04:32]} Kg7 {[%clk 00:24:02]} {[%emt 00:04:39]} 23. Be2
{[%clk 00:04:07]} {[%emt 00:04:34]} h6 {[%clk 00:21:31]} {[%emt 00:03:01]} 24.
Nb3 {[%clk 00:01:18]} {[%emt 00:03:19]} Nh7 {[%clk 00:08:19]} {[%emt 00:13:43]}
25. Rec1 {[%clk 00:00:40]} {[%emt 00:01:07]} Ng5 {[%clk 00:04:47]} {[%emt
00:04:02]} 26. Kg2 {[%clk 00:00:47]} {[%emt 00:00:23]} f6 {[%clk 00:03:30]}
{[%emt 00:01:48]} 27. f3 {[%clk 00:00:52]} {[%emt 00:00:25]} Nf7 {[%clk
00:02:08]} {[%emt 00:01:52]} 28. Nd1 {[%clk 00:00:51]} {[%emt 00:00:30]} Re7
{[%clk 00:01:27]} {[%emt 00:01:13]} 29. c5 {[%clk 00:01:03]} {[%emt 00:00:18]}
bxc5 {[%clk 00:01:50]} {[%emt 00:00:06]} 30. bxc5 {[%clk 00:01:26]} {[%emt
00:00:06]} dxc5 {[%clk 00:01:38]} {[%emt 00:00:43]} 31. Nxc5 {[%clk 00:01:45]}
{[%emt 00:00:11]} Nb6 {[%clk 00:01:03]} {[%emt 00:01:05]} 32. Rb3 {[%clk
00:00:54]} {[%emt 00:01:20]} Nd6 {[%clk 00:00:54]} {[%emt 00:00:40]} 33. Ra3
{[%clk 00:00:45]} {[%emt 00:00:39]} a5 {[%clk 00:01:16]} {[%emt 00:00:09]} 34.
Nb3 {[%clk 00:00:40]} {[%emt 00:00:34]} a4 {[%clk 00:01:18]} {[%emt 00:00:28]}
35. Nc5 {[%clk 00:00:57]} {[%emt 00:00:13]} Nb7 {[%clk 00:00:50]} {[%emt
00:00:58]} 36. Nxb7 {[%clk 00:00:44]} {[%emt 00:00:42]} Bxb7 {[%clk 00:01:13]}
{[%emt 00:00:07]} 37. Nc3 {[%clk 00:00:39]} {[%emt 00:00:36]} Rd7 {[%clk
00:00:58]} {[%emt 00:00:45]} 38. Bb5 {[%clk 00:00:39]} {[%emt 00:00:29]} Rd6
{[%clk 00:00:50]} {[%emt 00:00:39]} 39. Nxa4 {[%clk 00:00:35]} {[%emt
00:00:34]} Nxa4 {[%clk 00:00:34]} {[%emt 00:00:46]} 40. Rxc7+ {[%clk 00:00:51]}
{[%emt 00:00:14]} Kf8 {[%clk 00:00:48]} {[%emt 00:00:17]} 41. Rxb7 {[%clk
00:27:55]} {[%emt 00:03:25]} Rb6 {[%clk 00:27:58]} {[%emt 00:03:20]} 42. Rxa4
{[%clk 00:19:29]} {[%emt 00:08:56]} 1-0

[Event "DEM U14w 2025"]
[Site "Willingen GER"]
[Date "2025.06.10"]
[Round "4"]
[White "Werner, Amelie"]
[Black "Liu, Yuelin"]
[Result "0-1"]
[Termination "normal"]
[Board "14"]
[WhiteElo "1544"]
[BlackElo "972"]
[WhiteClock "00:19:25"]
[BlackClock "00:03:27"]
[PlyCount "182"]
[WhiteFideId "34639900"]
[BlackFideId "533035970"]
[EventCountry "GER"]
[EventRounds "9"]
[EventType "swiss"]
[EventDate "2025.06.07"]

1. e4 {[%clk 01:30:59]} c5 {[%clk 01:30:55]} {[%emt 00:00:06]} 2. Nf3 {[%clk
01:31:17]} {[%emt 00:00:12]} e6 {[%clk 01:31:16]} {[%emt 00:00:09]} 3. d4
{[%clk 01:31:42]} {[%emt 00:00:05]} cxd4 {[%clk 01:31:31]} {[%emt 00:00:15]} 4.
Nxd4 {[%clk 01:32:07]} {[%emt 00:00:04]} Nf6 {[%clk 01:31:49]} {[%emt
00:00:12]} 5. e5 {[%clk 01:32:07]} {[%emt 00:00:30]} Qa5+ {[%clk 01:32:01]}
{[%emt 00:00:18]} 6. c3 {[%clk 01:31:56]} {[%emt 00:00:42]} Qxe5+ {[%clk
01:32:20]} {[%emt 00:00:11]} 7. Be2 {[%clk 01:32:20]} {[%emt 00:00:06]} a6
{[%clk 01:30:43]} {[%emt 00:02:07]} 8. O-O {[%clk 01:31:43]} {[%emt 00:01:06]}
Bd6 {[%clk 01:27:44]} {[%emt 00:03:30]} 9. Nf3 {[%clk 01:28:48]} {[%emt
00:03:25]} Qc5 {[%clk 01:24:55]} {[%emt 00:03:19]} 10. Be3 {[%clk 01:28:43]}
{[%emt 00:00:34]} Qc7 {[%clk 01:25:00]} {[%emt 00:00:24]} 11. Qb3 {[%clk
01:25:17]} {[%emt 00:03:58]} Ng4 {[%clk 01:21:13]} {[%emt 00:04:17]} 12. Bb6
{[%clk 01:12:29]} {[%emt 00:13:18]} Bxh2+ {[%clk 01:12:33]} {[%emt 00:09:09]}
13. Kh1 {[%clk 01:12:52]} {[%emt 00:00:07]} Qf4 {[%clk 01:06:32]} {[%emt
00:06:23]} 14. Qc4 {[%clk 01:08:33]} {[%emt 00:04:58]} Qxc4 {[%clk 01:05:37]}
{[%emt 00:01:25]} 15. Bxc4 {[%clk 01:08:57]} {[%emt 00:00:06]} Bd6 {[%clk
01:02:05]} {[%emt 00:04:00]} 16. Nbd2 {[%clk 01:06:48]} {[%emt 00:02:41]} Be7
{[%clk 01:01:53]} {[%emt 00:00:41]} 17. Kg1 {[%clk 01:04:40]} {[%emt 00:02:38]}
O-O {[%clk 01:01:46]} {[%emt 00:00:38]} 18. Rfe1 {[%clk 01:01:29]} {[%emt
00:03:41]} d5 {[%clk 00:59:21]} {[%emt 00:02:55]} 19. Bxd5 {[%clk 01:00:54]}
{[%emt 00:01:05]} Bd8 {[%clk 00:54:06]} {[%emt 00:05:45]} 20. Bxd8 {[%clk
01:00:40]} {[%emt 00:00:44]} Rxd8 {[%clk 00:52:58]} {[%emt 00:01:35]} 21. Be4
{[%clk 00:59:45]} {[%emt 00:01:27]} h6 {[%clk 00:52:26]} {[%emt 00:01:02]} 22.
Nc4 {[%clk 00:59:05]} {[%emt 00:01:10]} a5 {[%clk 00:46:23]} {[%emt 00:06:34]}
23. Nb6 {[%clk 00:58:14]} {[%emt 00:01:20]} Ra7 {[%clk 00:46:29]} {[%emt
00:00:24]} 24. Rad1 {[%clk 00:57:21]} {[%emt 00:01:23]} Bd7 {[%clk 00:38:48]}
{[%emt 00:08:11]} 25. Rd2 {[%clk 00:53:38]} {[%emt 00:04:14]} f5 {[%clk
00:38:04]} {[%emt 00:01:13]} 26. Bc2 {[%clk 00:53:59]} {[%emt 00:00:09]} Kf7
{[%clk 00:36:24]} {[%emt 00:02:10]} 27. Red1 {[%clk 00:52:06]} {[%emt
00:02:23]} Ke7 {[%clk 00:35:19]} {[%emt 00:01:34]} 28. Nc8+ {[%clk 00:43:58]}
{[%emt 00:08:39]} Rxc8 {[%clk 00:34:56]} {[%emt 00:00:52]} 29. Re1 {[%clk
00:43:40]} {[%emt 00:00:49]} g6 {[%clk 00:33:27]} {[%emt 00:01:59]} 30. Bb3
{[%clk 00:40:51]} {[%emt 00:03:19]} Ra6 {[%clk 00:31:16]} {[%emt 00:02:41]} 31.
Rde2 {[%clk 00:39:03]} {[%emt 00:02:18]} Kf6 {[%clk 00:30:30]} {[%emt
00:01:15]} 32. Nd2 {[%clk 00:37:28]} {[%emt 00:02:06]} h5 {[%clk 00:27:59]}
{[%emt 00:03:01]} 33. a3 {[%clk 00:37:17]} {[%emt 00:00:42]} Re8 {[%clk
00:26:24]} {[%emt 00:02:02]} 34. Nc4 {[%clk 00:34:32]} {[%emt 00:03:16]} Bb5
{[%clk 00:23:36]} {[%emt 00:03:19]} 35. a4 {[%clk 00:34:40]} {[%emt 00:00:22]}
Bxc4 {[%clk 00:23:52]} {[%emt 00:00:14]} 36. Bxc4 {[%clk 00:35:04]} {[%emt
00:00:07]} Rd6 {[%clk 00:23:10]} {[%emt 00:01:11]} 37. b4 {[%clk 00:33:54]}
{[%emt 00:01:39]} axb4 {[%clk 00:22:11]} {[%emt 00:01:29]} 38. cxb4 {[%clk
00:34:19]} {[%emt 00:00:06]} Nc6 {[%clk 00:21:51]} {[%emt 00:00:50]} 39. Bb5
{[%clk 00:34:14]} {[%emt 00:00:35]} Red8 {[%clk 00:21:03]} {[%emt 00:01:17]}
40. Bxc6 {[%clk 00:32:46]} {[%emt 00:01:59]} Rxc6 {[%clk 00:20:54]} {[%emt
00:00:39]} 41. b5 {[%clk 00:33:09]} {[%emt 00:00:08]} Rcd6 {[%clk 00:20:20]}
{[%emt 00:01:02]} 42. f3 {[%clk 00:32:29]} {[%emt 00:01:11]} Nh6 {[%clk
00:19:45]} {[%emt 00:01:05]} 43. a5 {[%clk 00:32:05]} {[%emt 00:00:55]} Nf7
{[%clk 00:17:26]} {[%emt 00:02:48]} 44. Ra2 {[%clk 00:29:52]} {[%emt 00:02:43]}
Ra8 {[%clk 00:17:03]} {[%emt 00:00:50]} 45. Rb1 {[%clk 00:30:00]} {[%emt
00:00:26]} b6 {[%clk 00:16:05]} {[%emt 00:01:27]} 46. a6 {[%clk 00:29:02]}
{[%emt 00:01:29]} Rd5 {[%clk 00:15:04]} {[%emt 00:01:30]} 47. Rc2 {[%clk
00:28:20]} {[%emt 00:01:12]} Rc5 {[%clk 00:15:18]} {[%emt 00:00:15]} 48. Rxc5
{[%clk 00:27:45]} {[%emt 00:01:06]} bxc5 {[%clk 00:15:29]} {[%emt 00:00:19]}
49. b6 {[%clk 00:28:11]} {[%emt 00:00:04]} Nd6 {[%clk 00:07:55]} {[%emt
00:08:04]} 50. b7 {[%clk 00:27:16]} {[%emt 00:01:26]} Nxb7 {[%clk 00:07:58]}
{[%emt 00:00:26]} 51. axb7 {[%clk 00:27:38]} {[%emt 00:00:08]} Rb8 {[%clk
00:08:18]} {[%emt 00:00:10]} 52. Rc1 {[%clk 00:23:57]} {[%emt 00:04:11]} Rxb7
{[%clk 00:08:38]} {[%emt 00:00:11]} 53. Rxc5 {[%clk 00:24:20]} {[%emt
00:00:06]} g5 {[%clk 00:08:16]} {[%emt 00:00:52]} 54. Kf2 {[%clk 00:22:31]}
{[%emt 00:02:19]} Rd7 {[%clk 00:06:47]} {[%emt 00:01:58]} 55. Rc8 {[%clk
00:21:40]} {[%emt 00:01:22]} Ke5 {[%clk 00:06:54]} {[%emt 00:00:23]} 56. Rh8
{[%clk 00:21:53]} {[%emt 00:00:16]} Rd2+ {[%clk 00:06:20]} {[%emt 00:01:05]}
57. Kf1 {[%clk 00:22:16]} {[%emt 00:00:07]} g4 {[%clk 00:05:47]} {[%emt
00:01:03]} 58. Rxh5 {[%clk 00:20:16]} {[%emt 00:02:30]} gxf3 {[%clk 00:05:50]}
{[%emt 00:00:27]} 59. gxf3 {[%clk 00:19:59]} {[%emt 00:00:47]} Kf4 {[%clk
00:05:55]} {[%emt 00:00:25]} 60. Rh3 {[%clk 00:19:20]} {[%emt 00:01:08]} e5
{[%clk 00:05:58]} {[%emt 00:00:28]} 61. Ke1 {[%clk 00:15:58]} {[%emt 00:03:52]}
Ra2 {[%clk 00:05:40]} {[%emt 00:00:48]} 62. Kf1 {[%clk 00:15:47]} {[%emt
00:00:40]} e4 {[%clk 00:05:35]} {[%emt 00:00:36]} 63. fxe4 {[%clk 00:15:50]}
{[%emt 00:00:28]} fxe4 {[%clk 00:05:50]} {[%emt 00:00:14]} 64. Rh4+ {[%clk
00:16:09]} {[%emt 00:00:11]} Ke3 {[%clk 00:06:12]} {[%emt 00:00:09]} 65. Rh3+
{[%clk 00:16:10]} {[%emt 00:00:28]} Kd4 {[%clk 00:06:20]} {[%emt 00:00:22]} 66.
Rh4 {[%clk 00:16:25]} {[%emt 00:00:15]} Kd3 {[%clk 00:05:57]} {[%emt 00:00:54]}
67. Rh8 {[%clk 00:15:34]} {[%emt 00:01:21]} e3 {[%clk 00:02:44]} {[%emt
00:03:42]} 68. Rd8+ {[%clk 00:15:44]} {[%emt 00:00:20]} Kc3 {[%clk 00:02:20]}
{[%emt 00:00:53]} 69. Rc8+ {[%clk 00:16:01]} {[%emt 00:00:13]} Kd2 {[%clk
00:00:48]} {[%emt 00:02:03]} 70. Rd8+ {[%clk 00:16:18]} {[%emt 00:00:13]} Kc1
{[%clk 00:00:58]} {[%emt 00:00:19]} 71. Rc8+ {[%clk 00:16:06]} {[%emt
00:00:43]} Kd1 {[%clk 00:01:07]} {[%emt 00:00:21]} 72. Rd8+ {[%clk 00:12:54]}
{[%emt 00:03:43]} Rd2 {[%clk 00:01:10]} {[%emt 00:00:26]} 73. Rxd2+ {[%clk
00:12:45]} {[%emt 00:00:39]} exd2 {[%clk 00:01:28]} {[%emt 00:00:12]} 74. Kf2
{[%clk 00:13:12]} {[%emt 00:00:02]} Kc1 {[%clk 00:01:40]} {[%emt 00:00:19]} 75.
Ke3 {[%clk 00:13:37]} {[%emt 00:00:05]} d1=Q {[%clk 00:01:56]} {[%emt
00:00:14]} 76. Ke4 {[%clk 00:14:05]} {[%emt 00:00:02]} Qb3 {[%clk 00:01:45]}
{[%emt 00:00:41]} 77. Kd4 {[%clk 00:14:23]} {[%emt 00:00:12]} Kd2 {[%clk
00:01:59]} {[%emt 00:00:16]} 78. Ke4 {[%clk 00:14:45]} {[%emt 00:00:08]} Qd3+
{[%clk 00:02:11]} {[%emt 00:00:18]} 79. Ke5 {[%clk 00:15:10]} {[%emt 00:00:05]}
Ke3 {[%clk 00:02:13]} {[%emt 00:00:27]} 80. Ke6 {[%clk 00:15:25]} {[%emt
00:00:16]} Ke4 {[%clk 00:02:29]} {[%emt 00:00:14]} 81. Kf6 {[%clk 00:15:47]}
{[%emt 00:00:08]} Qd6+ {[%clk 00:02:38]} {[%emt 00:00:19]} 82. Kg5 {[%clk
00:16:08]} {[%emt 00:00:11]} Qf4+ {[%clk 00:02:54]} {[%emt 00:00:14]} 83. Kg6
{[%clk 00:16:31]} {[%emt 00:00:07]} Qf5+ {[%clk 00:03:02]} {[%emt 00:00:21]}
84. Kg7 {[%clk 00:16:55]} {[%emt 00:00:06]} Kf4 {[%clk 00:03:25]} {[%emt
00:00:08]} 85. Kg8 {[%clk 00:17:14]} {[%emt 00:00:11]} Kg5 {[%clk 00:03:33]}
{[%emt 00:00:21]} 86. Kg7 {[%clk 00:17:34]} {[%emt 00:00:11]} Qf6+ {[%clk
00:03:43]} {[%emt 00:00:20]} 87. Kg8 {[%clk 00:17:57]} {[%emt 00:00:07]} Qf1
{[%clk 00:03:38]} {[%emt 00:00:35]} 88. Kg7 {[%clk 00:18:18]} {[%emt 00:00:09]}
Qf5 {[%clk 00:03:08]} {[%emt 00:00:58]} 89. Kh8 {[%clk 00:18:42]} {[%emt
00:00:07]} Kg6 {[%clk 00:02:49]} {[%emt 00:00:49]} 90. Kg8 {[%clk 00:19:06]}
{[%emt 00:00:06]} Qf7+ {[%clk 00:03:04]} {[%emt 00:00:15]} 91. Kh8 {[%clk
00:19:25]} {[%emt 00:00:11]} Qh7# {[%clk 00:03:27]} {[%emt 00:00:07]} 0-1

[Event "DEM U14w 2025"]
[Site "Willingen GER"]
[Date "2025.06.11"]
[Round "6"]
[White "Färber, Anna"]
[Black "Jordan, Christina"]
[Result "1/2-1/2"]
[Termination "normal"]
[Board "1"]
[WhiteElo "1702"]
[BlackElo "1815"]
[WhiteClock "00:21:49"]
[BlackClock "00:17:42"]
[PlyCount "67"]
[WhiteFideId "34633480"]
[BlackFideId "1347977"]
[EventCountry "GER"]
[EventRounds "9"]
[EventType "swiss"]
[EventDate "2025.06.07"]

1. e4 {[%clk 01:30:57]} {[%emt 00:00:02]} c5 {[%clk 01:30:50]} {[%emt
00:00:10]} 2. Nf3 {[%clk 01:31:18]} {[%emt 00:00:07]} d6 {[%clk 01:31:15]}
{[%emt 00:00:06]} 3. d4 {[%clk 01:31:42]} {[%emt 00:00:06]} cxd4 {[%clk
01:31:41]} {[%emt 00:00:04]} 4. Qxd4 {[%clk 01:32:06]} {[%emt 00:00:07]} Nc6
{[%clk 01:31:55]} {[%emt 00:00:17]} 5. Qd3 {[%clk 01:32:22]} {[%emt 00:00:12]}
h6 {[%clk 01:30:36]} {[%emt 00:01:50]} 6. Nc3 {[%clk 01:32:04]} {[%emt
00:00:47]} Nf6 {[%clk 01:30:45]} {[%emt 00:00:22]} 7. Be2 {[%clk 01:30:58]}
{[%emt 00:01:35]} e6 {[%clk 01:28:13]} {[%emt 00:03:04]} 8. Be3 {[%clk
01:26:45]} {[%emt 00:04:43]} Be7 {[%clk 01:25:24]} {[%emt 00:03:19]} 9. O-O
{[%clk 01:22:03]} {[%emt 00:05:12]} O-O {[%clk 01:21:43]} {[%emt 00:04:10]} 10.
Rfd1 {[%clk 01:16:38]} {[%emt 00:05:55]} Nb4 {[%clk 01:04:12]} {[%emt
00:18:02]} 11. Qd2 {[%clk 01:15:39]} {[%emt 00:01:29]} Ng4 {[%clk 00:52:29]}
{[%emt 00:12:14]} 12. Bf4 {[%clk 01:06:58]} {[%emt 00:09:10]} Qb6 {[%clk
00:49:23]} {[%emt 00:03:37]} 13. Bg3 {[%clk 01:04:09]} {[%emt 00:03:18]} Rd8
{[%clk 00:42:33]} {[%emt 00:07:20]} 14. a3 {[%clk 00:55:46]} {[%emt 00:08:53]}
Nc6 {[%clk 00:40:40]} {[%emt 00:02:22]} 15. h3 {[%clk 00:48:18]} {[%emt
00:07:58]} Nf6 {[%clk 00:40:37]} {[%emt 00:00:33]} 16. Bf4 {[%clk 00:47:27]}
{[%emt 00:01:22]} a6 {[%clk 00:29:41]} {[%emt 00:11:26]} 17. Be3 {[%clk
00:35:08]} {[%emt 00:12:46]} Qc7 {[%clk 00:29:39]} {[%emt 00:00:34]} 18. Qe1
{[%clk 00:33:47]} {[%emt 00:01:50]} b5 {[%clk 00:26:33]} {[%emt 00:03:38]} 19.
Nd4 {[%clk 00:29:36]} {[%emt 00:04:40]} Bb7 {[%clk 00:23:09]} {[%emt 00:03:55]}
20. Nxc6 {[%clk 00:29:22]} {[%emt 00:00:44]} Bxc6 {[%clk 00:23:23]} {[%emt
00:00:16]} 21. Bf3 {[%clk 00:29:37]} {[%emt 00:00:14]} Qb7 {[%clk 00:22:57]}
{[%emt 00:00:55]} 22. Bf4 {[%clk 00:29:05]} {[%emt 00:01:03]} Rac8 {[%clk
00:18:18]} {[%emt 00:05:10]} 23. Qe2 {[%clk 00:28:11]} {[%emt 00:01:23]} d5
{[%clk 00:17:13]} {[%emt 00:01:36]} 24. exd5 {[%clk 00:25:30]} {[%emt
00:03:10]} Nxd5 {[%clk 00:17:37]} {[%emt 00:00:06]} 25. Nxd5 {[%clk 00:25:48]}
{[%emt 00:00:12]} Bxd5 {[%clk 00:18:04]} {[%emt 00:00:03]} 26. Bxd5 {[%clk
00:26:05]} {[%emt 00:00:13]} Rxd5 {[%clk 00:18:31]} {[%emt 00:00:03]} 27. Rxd5
{[%clk 00:25:04]} {[%emt 00:01:31]} Qxd5 {[%clk 00:18:56]} {[%emt 00:00:05]}
28. Be3 {[%clk 00:22:13]} {[%emt 00:03:19]} Qe5 {[%clk 00:16:22]} {[%emt
00:03:05]} 29. c3 {[%clk 00:21:22]} {[%emt 00:01:21]} Bg5 {[%clk 00:16:05]}
{[%emt 00:00:47]} 30. Re1 {[%clk 00:20:52]} {[%emt 00:00:59]} Bxe3 {[%clk
00:16:30]} {[%emt 00:00:05]} 31. Qxe3 {[%clk 00:21:19]} {[%emt 00:00:03]} Qxe3
{[%clk 00:16:57]} {[%emt 00:00:04]} 32. Rxe3 {[%clk 00:21:26]} {[%emt
00:00:23]} Rd8 {[%clk 00:17:23]} {[%emt 00:00:03]} 33. Kf1 {[%clk 00:21:27]}
{[%emt 00:00:29]} Rd2 {[%clk 00:17:42]} {[%emt 00:00:12]} 34. Re2 {[%clk
00:21:49]} {[%emt 00:00:07]} 1/2-1/2